01224nam a22002297a 45000010005000000030006000050050017000110080041000280200017000690400029000860500009001150820010001241000017001342450080001512600044002313000059002755050007003345200528003415210028008695210018008976500079009157533FISKH20250723113347.0250723b cb ||||| |||| 00| 0 eng d a027506914082 aFISKHbengcFISKHdFISKH aPZ7  a741.5 aPass, Erica  aHooray for dad's day! /cby Erica Pass ; illustrated by The Artifact Group  aMailand : bAdvance Publisher, c2009.  a22 unnumbered pages : bcolor illustrations ; c23 cm  aJ  aSpongeBob and his dad attend the annual Dad and Kid Games Day at Mussel Beach. Eager to win the grand prize—a gold-plated spatula—SpongeBob initially focuses on the competition. But through activities like bubble-blowing, sandcastle building, racing, and jellyfishing, he comes to realize that the most important prize is the time spent with his dad, not the trophy. Other Bikini Bottom dads (including Plankton’s and Squidward’s) participate, highlighting the theme of father-child bonding and friendly competition8 a450 bLexile estimate 8 aJ bRaz-Plus  aFather’s Day vFather-Child RelationshipxPicture Book yEasy Reader